000 00597nam a2200157 a 4500
001 000043331
005 20201002040824.0
008 140310s1982 ag b 000 0 spa d
020 _a8430062351
040 _aDO-SdBNP
_bspa
_cBNPHU
100 1 _aGarcía del Toro, Javier R.
_970969
245 1 0 _aCartagena :
_bGuía arqueológica /
_cJavier R. García del Toro ; prólogo Pedro A. Sanmartín Moro.
260 _aCartagena :
_bSecretaría de Cultura del Partido Cantonal, Departamento de Publicaciones,
_c1982.
300 _a83 p. :
_bil., mapas ;
_c22 cm.
700 1 _aSanmartín Moro, Pedro A.
_970970
999 _c42820
_d42820